|
|
|
|
| LEADER |
00000nam a22000007a 4500 |
| 008 |
201210b ||||| |||| 00| 0 eng d |
| 020 |
|
|
|a 978-1-4398-7454-7
|
| 100 |
|
|
|a FAGGIANO, Vincent.
|a McNall, John
|a Gillespie, Tom
|
| 245 |
|
|
|a Critical incident management
|b : a complete response guide
|c Vincent Faggiano, John McNall, Tom Gillespie
|g . xxvi, 221p.
|
| 250 |
|
|
|b 2nd ed.
|
| 260 |
|
|
|b CRC Press
|c 2012
|h Boca Raton, FL
|i 689907
|l HD58.9 .F13
|m Organizational effectiveness
|m Risk management.
|m Management.
|
| 500 |
|
|
|a It includes bibliographical references and index
|
| 942 |
|
|
|a lcc
|c BK
|e Kuteyi M.A.
|f 10/12/2020
|
| 952 |
|
|
|0 0
|1 0
|2 lcc
|4 0
|6 HD00589 F13
|7 0
|9 345
|a HOL
|b HOL
|c GJ
|d 2020-12-10
|l 0
|o HD58.9 .F13
|p 2020-2080
|r 2020-12-10 00:00:00
|w 2020-12-10
|y BK
|
| 999 |
|
|
|c 164
|d 164
|